000 00439cam a2200181ua 4500
020 _c6.00
041 _ahin
_h
082 _a891.54
_bKUL/AN
100 _aKulbhooshan, .
245 _aAnek desh ek insan /
_cKulbhooshan.
_hTextual Documents
250 _a1 /
_b.
260 _aNew Delhi :
_bNational Publishing House ,
_c1959.
300 _a332 ; .
365 _a6.00
504 _a
942 _cBK
999 _c12507
_d12507